Wymień członków Avengers w 15 sekund - Statystyki

Ogólne statystyki
  • Ten quiz został rozwiązany 544 razy
  • Średni wynik to 3 z 6
Statystyki odpowiedzi
Hint Odpowiedź % Poprawnych
Miliarder Iron Man
95%
Dawny żołnierz Kapitan Ameryka
65%
".... MIAŻDŻYĆ!!" Hulk
60%
Bóg piorunów Thor
51%
Zwinna kobitka Czarna Wdowa
41%
Ma dobrego cela Hawkeye
27%
Nie znaleziono quizów pasujących do podanych kryteriów
Rozkład punktacji
Procent ludzi z każdym wynikiem
Percentyl według liczby udzielonych odpowiedzi
Twoja historia wyników
Nie rozwiązałeś tego quizu